<?xml version="1.0" encoding="UTF-8"?>
<collection xmlns="http://www.loc.gov/MARC21/slim">
 <record>
  <leader>00564nam a22001455a 4500</leader>
  <controlfield tag="001">EEA.libagro006388</controlfield>
  <controlfield tag="005">20180626093120.0</controlfield>
  <controlfield tag="008">130809s1999####ag#a##########000#0#spa#d</controlfield>
  <datafield tag="082" ind1="0" ind2="4">
   <subfield code="a">632.95042</subfield>
  </datafield>
  <datafield tag="100" ind1="1" ind2=" ">
   <subfield code="a">Moreno, Raúl E.</subfield>
  </datafield>
  <datafield tag="245" ind1="1" ind2="0">
   <subfield code="a">Fitotoxicidad de herbicidas /</subfield>
   <subfield code="c">Raúl E. Moreno.</subfield>
  </datafield>
  <datafield tag="260" ind1=" " ind2=" ">
   <subfield code="a">Marcos Juárez :</subfield>
   <subfield code="b">INTA EEA Marcos Juárez,</subfield>
   <subfield code="c">1999.</subfield>
  </datafield>
  <datafield tag="300" ind1=" " ind2=" ">
   <subfield code="a">77 p. :</subfield>
   <subfield code="b">il. ;</subfield>
   <subfield code="c">21 cm.</subfield>
  </datafield>
  <datafield tag="710" ind1="2" ind2=" ">
   <subfield code="a">Instituto Nacional de Tecnología Agropecuaria (Argentina).</subfield>
   <subfield code="b">Estación Experimental Agropecuaria Marcos Juárez.</subfield>
  </datafield>
  <datafield tag="859" ind1=" " ind2=" ">
   <subfield code="a">AR-BbBCA</subfield>
   <subfield code="b">BIB. AGRONOMIA</subfield>
   <subfield code="h">632.95042</subfield>
   <subfield code="i">M843</subfield>
   <subfield code="p">1999/3749</subfield>
  </datafield>
 </record>
</collection>
